| 000 | 00665nam a2200217Ii 4500 | ||
|---|---|---|---|
| 003 | JO-AjNU | ||
| 008 | 230606s9999||||xx |||||||||||||| ||und|| | ||
| 020 | _a978-93-325-4977-7 | ||
| 040 |
_aJO-AjNU _beng _erda _cJO-AjNU |
||
| 041 | _aeng | ||
| 050 | 1 | 4 | _aQA39.2 2015 |
| 100 | 3 |
_aGooddaire ,Edgar G. , Micheal M. parmenter , _eauthor _95871 |
|
| 245 | 0 | 0 | _aDiscrete Mathematics With Graph Theory |
| 250 | _a3 ed | ||
| 264 | 3 | 1 | _aIndia: PEARSON ,2015 |
| 300 |
_a461P _bIncludes references indexes |
||
| 336 |
_atext _btxt _2rdacontent |
||
| 337 |
_aunmediated _bn _2rdamedia |
||
| 338 |
_avolume _bnc _2rdacarrier |
||
| 650 | 4 |
_a Graph theory -- Handbooks _95872 |
|
| 999 |
_aE3046 _c3043 _d3043 |
||